000 00352nam a22001337a 4500
020 _a8122415903
082 _222
_a531.16
100 _aKamal, Anwar.
245 _aMechanics of particles, wave and oscillations /
250 _a3rd.
260 _aNew Delhi,
_bNe Age International,
_cc2005.
300 _axiv, 428 p. ;
_bill. ;
_c24 cm.
942 _2ddc
_cMEC
999 _c322
_d322